000
00351nam a22001217a 4500
003
SGT
082
_a
891.4309
_b
B17D
100
_a
दुसाध, एच. एल.
245
_a
बहुजन राजनीती का पतन
260
_b
बहुजन डाइवर्सिटी मिशन
_c
2017
300
_a
168
942
_2
ddc
_c
BK
999
_c
31224
_d
31224